000
00283nam a2200121Ia 4500
008
250224s9999 xx 000 0 und d
020
_a
9781844222810
082
_a
J428.6HOR
100
_a
Horsley, Lorraine
245
0
_a
Dinosaurs
942
_c
JBK
999
_c
475709
_d
475709